000 006180000a22001810004500
020 _aDonación
041 0 _aEng.
090 _aAV 0274
100 1 _aPonraj, S.D.
245 1 0 _aPeople groups of bihar prayer guide : thirty days prayer for bihar state / editado por S.D. Ponraj , Chandan K. Sah , Santhosh M. Samuel
260 _aChennai, India : Mission Educational Books
300 _a51 p.
505 0 0 _a30 pueblos del estado de Bihar, India
520 _aEs una guía para orar por los pueblos del estado de Bihar en India, durante 30 días.
650 1 4 _aORACION \ MISIONES
001 17246
942 _cBK
999 _c43910
_d43910